| 000 | 01254nam0a22002891 4500 | ||
|---|---|---|---|
| 001 | rc\4024311 | ||
| 005 | 20250610230929.0 | ||
| 035 | _a(NLR Aleph) 007950745 | ||
| 090 |
_a8337381 _c8337381 |
||
| 100 | _a20130415d1946 |||y0rusy50 ca | ||
| 101 | 1 |
_arus _ceng |
|
| 102 | _aRU | ||
| 105 | _aa z |||a| | ||
| 200 | 1 |
_aДвойник _eРассказы _f[Пер. с англ. П. Охрименко _gРис. худож. Г. Храпака] |
|
| 210 |
_a[Москва] _cВоениздат _d1946 |
||
| 215 |
_a[1], 65 с. _cил. _d15 |
||
| 225 | 1 |
_aБиблиотечка журнала "Краноармеец" _v№ 19 (64) |
|
| 327 | 1 | _aСодерж.: Двойник; Перемена лекарства; В чужом оперении; Трое за столом | |
| 464 | 0 |
_12001#$aДвойник$aПеремена лекарства$aВ чужом оперении$aТрое за столом _tТрое за столом |
|
| 700 | 1 |
_7ca _8rus _aДжейкобс _bУ. У. _f1863-1943 _gУильям Уаймарк _9258354 _3RU\NLR\AUTH\770258410 |
|
| 702 | 1 |
_aОхрименко _bП. _4730 |
|
| 702 | 1 |
_aХрапак _bГ. _4440 |
|
| 801 | 0 |
_aRU _bNLR _gpsbo |
|
| 801 | 1 |
_aRU _bELAR _2rusmarc |
|
| 852 |
_aNLR _jЛ60 Г-2/161 |
||
| 942 | _cBOOK | ||
| 980 | _aNB | ||